000 00785cam a2200277 i 4500
001 768714001
003 CO-MdFUSB
005 20240615111251.0
007 ta
008 240615t1947 -us||||| |||| 00| 0 eng d
040 _cCO-MdFUSB
041 0 _aeng
082 0 4 _223
_a234.1
_bW882s
100 1 _aWoodbridge, Charels J. (Jahleel) (1902-)
_eautor
245 1 0 _aStanding on the promises :
_brich truths from the Book of Acts
_c/ Charles J. Woodbridge
264 1 _aChicago, USA :
_bMoody Press,
_c[1947]
264 4 _c©1947
300 _a203 Pag
336 _atexto
_btxt
_2rdacontent
337 _2rdamedia
_asin mediación
_bn
338 _2rdacarrier
_avolumen
_bnc
653 _aHechos de los apóstoles
653 _aNuevo Testamento
942 _cBK
945 _aMiguel
999 _c34803
_d34803